00720nam a2200157 a 450000100100000000500170001000800410002702000150006804000250008308200150010811000280012324501070015126001980025830000280045650000780048400002860720200930055033.0110411s2002 dr a r 000 0 spa d a9993461385 aDO-SdBNPbspacBNPHU axxxbC755m1 aConsorcio Barrio Bueno.10aMemorias del seminario internacional :bmanejo de residuos sólidos con participación comunitaria/. aSanto Domingo :bEnda. Caribe:bCentro de Estudios Sociales P. Juan MOnatlvo S. J. ;bCiudad Alternativa ;bInstituto Dominicano de Desarrollo Integral xon el auspicio del Banco Mundial,c2002. a101 p. :bil. ;c22 cm. aIncluye referencia informativa del autor corporativo en la contraportada.